000 00556cam a2200145 4500500
005 20260208003601.0
041 _afre
042 _adc
100 1 0 _aNivat, Georges
_eauthor
245 0 0 _aRobert LEACH, Sergei Tretyakov. A Revolutionary Writer in Stalin’s Russia
260 _c2026.
500 _a16
786 0 _nCahiers d'histoire russe, est-européenne, caucasienne et centrasiatique | 66 | 4 | 2026-01-27 | p. 756-759 | 3038-0979
856 4 1 _uhttps://shs.cairn.info/revue-cahiers-du-monde-russe-2025-4-page-756?lang=fr&redirect-ssocas=7080
999 _c1648364
_d1648364